| 000 | 00600nam a2200181 i 4500 | ||
|---|---|---|---|
| 001 | bg | ||
| 100 | 1 | _aDROZD, Halina | |
| 245 | 0 |
_aTeksty techniczne i ćwiczenia z języka rosyjskiego dla studentów wydziału mechanicznego / _cH. Drozd. |
|
| 250 | _aWyd.2 popr. | ||
| 260 |
_aKielce, _c1984. |
||
| 490 | 1 |
_aSkrypty Uczelniane Politechniki Świętokrzyskiej, _x0239-6386 ; _vnr 120 |
|
| 830 |
_aSkrypty Uczelniane Politechniki Świętokrzyskiej, _x0239-6386 ; |
||
| 040 | _cBPK | ||
| 041 | _apol | ||
| 080 | _a808.2:629.114+631.3](075.8) | ||
| 942 | _cKS | ||
| 008 | s pl f |000 0 pol | ||
| 999 |
_c972 _d972 |
||
| 856 |
_uhttp://koha.tu.koszalin.pl/cgi-bin/koha/opac-detail.pl?biblionumber=972 _yKatalog online BPK |
||